00338 2200145 4500245005600000250001100056100001800067650001700085650001600102005001900118260001800137041001400155084001400169336000900183 aPerjalanan Menuju Diri SendiricSalsabila R.AhText aCet. 1 aSalsabila R.A aAutobiografi aKarya Siswa a20250521134321 aJakartac2025 aIndonesia a081 SAL p atext